00814cam a2200265 a 4500999001500000001000900015003000400024005001700028008004100045010001700086020002200103040001300125050002300138082001500161100002000176245004400196250002100240260004300261300002100304500007400325504005400399600003800453906004500491942001200536 c5935d593514140963OSt20190111105404.0051014r20041977ilu b 000 0 eng  a 2005283507 a0842345523 (pbk.) aDLCcDLC00aBT203b.M3386 2004 a232bM478M1 aMcDowell, Josh.10aMore than a carpenter /cJosh McDowell. aLiving Books ed. aWheaton, Ill. :bLiving Books,cc2004. a129 p. ;c18 cm. aOriginally published: Wheaton, Ill. : Tyndale House Publishers, 1977. aIncludes bibliographical references (p. 121-128).00aJesus ChristxPerson and offices. a7bcbccorigcopd3encipf20gy-gencatlg 2ddccBK